00471nam a2200121Ia 4500001000400000008004100004082002000045100006500065245015100130260002400281901002900305999001500334945241024s9999 xx 000 0 und d aRD/374.04/R426h aRepública Dominicana.Secretaría de Estado de Educación 0aHacia la creación del Recinto Tecnológico Nacional (RTN) propuesta del equipo Directivo de la Dirección de Educación Técnico Profesional bSanto Domingoc2006 a13/12/2010 10:58:09 a.m. c8502d8502